Регионална библиотека "Любен Каравелов" - Русе

Интерактивната бяла дъска в класната стая (Запис номер 131371)

MARC детайли
000 -Лидер
Контролно поле с фиксирана дължина 01924nam a2200421 c 4500
003 - Код на организацията, давaща контролен номер
Контролно поле BLK
005 - Дата и час на последна редакция
Контролно поле 20250620005647.0
008 - Елементи от данни с фиксирана дължина
fixed length control field 180409b bul|||||r ||||||| ||bul||
010 ## - Наследен системен номер
LC control number KNG00137186000
020 ## - Международен стандартен номер на книга ISBN
Международен стандартен номер на книга ISBN 978-954-01-2670-8
-- издат.: Просвета
040 ## - Източник на каталожния запис
Идентификатор на билиотеката - собственик на записа BLK
041 ## - Код за език
Код за езика на текст/звукозапис или на отделно заглавие Български
Код за езика КДБФ Български
072 #7 - Код за тематичната категория
Код организация bullib
Код за тематична категория Н37
Текст Образование. Педагогика Н
080 ## - УДК
Текстов определител УДК Нагледни методи на обучение
УДК код - определител по УДК 371.335
УДК определител :681.322.06(035)
УДК - код + определител 371.335:681.322.06(035)
139 ## - Редно поле
Редна дума Интерактивната бяла дъска в класната стая
Авторски знак Инт - И 72
245 10 - Сведения за заглавието
Заглавие Интерактивната бяла дъска в класната стая
Подзаглавни данни Информ. и възможности за приложение
Редно поле (дума) прев. Ваня Илиева Пенева.
257 ## - Страна на издаване
Страна на създаване/издаване Германия
260 ## - Област на издателските данни
-- София
Име на издателя, разпространителя и проч. Просвета
Година на издаване 2012
Печатница София : Монт
300 ## - Физическа характеристика
Страници 76 с.
Илюстрации и др. с ил.
Размери/Мащаб 24 см
380 ## - Жанр
Жанр Обществени науки
500 ## - Общи забележки
Забележка Без сведение за ориг. загл.
650 #4 - Допълнително описание по предмет – тема
Основно описание – тема или топоним Автоматизирани системи за обучение - наръчници и ръководства
9 (RLIN) 317819
650 #4 - Допълнително описание по предмет – тема
Основно описание – тема или топоним Методика на преподаването - използване на технически средства
9 (RLIN) 248891
653 ## - Ключова дума – ненормативна
Ключова дума методи на обучение
653 ## - Ключова дума – ненормативна
Ключова дума интерактивна бяла дъска
653 ## - Ключова дума – ненормативна
Ключова дума PowerPoint
653 ## - Ключова дума – ненормативна
Ключова дума Prezi
653 ## - Ключова дума – ненормативна
Ключова дума StarBoard
653 ## - Ключова дума – ненормативна
Ключова дума ръководства
659 ## - Тематичен бюлетин
Тематичен бюлетин Н
700 ## - Други автори (авторска отговорност)
Лично име Пенева, Ваня Илиева
Дати, свързани с автора 1957-
Друга информация Преводач от немски, английски и руски език.
Автороска отговорност (Описва отношението между автора и произведението) прев.
9 (RLIN) 363755
852 ## - Местоположение
Форматна сигнатура Цб 257403
856 4# - Електронен адрес и достъп
Електронен формат pdf - файл
Път до файла /url/
856 4# - Електронен адрес и достъп
Електронен формат pdf - файл
Път до файла /url/
942 ## - АРТИКУЛИ
Вид на библиотечния материал Книги
Скрит в OPAC Не
Koha issues (borrowed), all copies 5
944 ## - СЪЗДАВАНЕ И РЕДАКЦИЯ на ЗАПИСА
Създаване/Редакция Създаване
Дата на регистрацията/редакция 01.01.2002
Статус, дата на статуса CRON CRON
Служител, извършил регистрацията/редакцията
944 ## - СЪЗДАВАНЕ И РЕДАКЦИЯ на ЗАПИСА
Създаване/Редакция Редакция
Дата на регистрацията/редакция 07.01.2015
Статус, дата на статуса ф /
Служител, извършил регистрацията/редакцията Виолета_Тройчева
999 ## - СИСТЕМНИ КОНТРОЛНИ НОМЕРА
Koha biblionumber 131371
Koha biblioitemnumber 131371
Наличности
Код за отписване Код за изгубен артикул Източник на класификационната схема Код за повреда Коз за рестрикции Код за отдаване Артикулен № Име на библиотеката - собственик Име на библиотеката, в която се намира в момента Статус (Текущо местоположение) Дата на вписване в системата Местоположение - отдел Цена в лева Инвентарен номер Систематично азбучна сигнатура Баркод Номер на екземпляра Цена в евро Служебна бележка Служебен тип на артикула
  Не е изгубен Universal Decimal Classification Не е повреден без рестрикции заемане за дома 214230 Регионална библиотека "Любен Каравелов" Русе Регионална библиотека "Любен Каравелов" Русе Детски отдел 2012-12-12 Детски отдел 4.83 120000762188 ДН 37.01/И 72 120000762188 1 2.47 Дост: Pk Вид: Ф N: 7107 Дата: 05.12.2012 Дата инв: 20.08.2015 Бележки инв: Д2015 Книги
  Не е изгубен Universal Decimal Classification Не е повреден без рестрикции заемане за дома 214231 Регионална библиотека "Любен Каравелов" Русе Регионална библиотека "Любен Каравелов" Русе Детски отдел 2012-12-12 Детски отдел 4.83 120000762189 ДН 37.01/И 72 120000762189 2 2.47 Дост: Pk Вид: Ф N: 7107 Дата: 05.12.2012 Дата инв: 21.08.2015 Бележки инв: Д2015 Книги
  Не е изгубен Universal Decimal Classification Не е повреден без рестрикции заемане за дома 214232 Регионална библиотека "Любен Каравелов" Русе Регионална библиотека "Любен Каравелов" Русе Заемна - подръчен фонд 2012-12-12 Заемна - подръчен фонд 4.83 120000762190 37.091.3/И 72 120000762190 3 2.47 Дост: Pk Вид: Ф N: 7107 Дата: 05.12.2012 Дата инв: 08.02.2018 Бележки инв: П2018 Книги
  Не е изгубен   Не е повреден без рестрикции ползва се в читалня 214233 Регионална библиотека "Любен Каравелов" Русе Регионална библиотека "Любен Каравелов" Русе Хранилище 2014-02-06 Хранилище 6.90 120000774113 Цб 257403 120000774113 4 3.53 Дост: Dp Вид: Д N: 5 Дата: 04.02.2013 Книги
Vip Innovations Ltd, Rousse, Bulgaria 2025